000
00291nam a2200109Ia 4500
008
220216s9999 xx 000 0 und d
245
0
_a
Small town engineers fairygodmother was rubberised bitumen
260
_b
Planter
_c
1961
300
_a
290-292
650
_a
Rubberised bitumen
942
_c
JS
999
_c
68762
_d
68762